00353nam a2200133 a 45000010010000000030011000100080041000210350026000620820014000881000018001022450034001202600052001546500013002060000-8765ELIB.Books110520 1958  a(ELIB.Books)0000-8911 a230 bJac aJacob, Edmond aTheology of the Old Testament bNew York: Harper and Brothers Publishers c1958 aTheology